| 000 | 01237cam a22003857a 4500 | ||
|---|---|---|---|
| 003 | CHAP | ||
| 005 | 20220329142437.0 | ||
| 008 | 010216d2000 mx a r 00110 spa d | ||
| 010 | _a83538 | ||
| 011 | _a84510 | ||
| 020 | _a9688568198 | ||
| 035 | _a95031 | ||
| 040 | _cCHAP | ||
| 082 | 0 | 4 |
_a551.063 _bJ3 |
| 100 | 0 | 0 |
_aJáuregui Ostos, Ernesto. _961736 |
| 245 | 1 | 3 |
_aEl clima de la ciudad de México _c/por Ernesto Jáuregui Ostos |
| 260 |
_aMéxico, D. F. : _bPlaza y Valdes, _c2000. |
||
| 300 |
_a131 p. : _bilus. |
||
| 490 | 0 |
_aTextos monográficos _v; 1 |
|
| 490 | 0 |
_aUrbanización _v; 4 |
|
| 590 |
_aBATCH-UPD _b10 _c20130110 _lUCH01 _h0153 |
||
| 590 |
_aBATCH-UPD _b10 _c20130110 _lUCH01 _h0835 |
||
| 590 |
_aBATCH-UPD _b10 _c20130409 _lUCH01 _h2154 |
||
| 590 |
_aBATCH-UPD _b10 _c20130410 _lUCH01 _h0847 |
||
| 590 |
_aBATCH-UPD _b10 _c20130914 _lUCH01 _h0948 |
||
| 590 |
_aCONVERSION _b10 _c20130109 _lUCH01 _h1346 |
||
| 650 | 4 |
_aClima _xMéxico (Cd.) _923836 |
|
| 650 | 1 | 4 |
_aClimatología. _923864 |
| 830 | 0 | 0 |
_aTextos monográficos _v; 1 _9112578 |
| 830 | 0 | 0 |
_aUrbanización _v; 4 _9116854 |
| 901 | _aBK | ||
| 905 | _aLilia Sánchez G. | ||
| 942 | _cLIBRO | ||
| 949 |
_a551.063 J3 _bBC _cLIBRO _d33724000814778 _eLIBRO _h99754 _i95031 _si |
||
| 999 |
_c83538 _d83538 |
||